| 000 | 00907nam a2200277 i 4500 | ||
|---|---|---|---|
| 001 | 82224 | ||
| 003 | ES-MaACL | ||
| 005 | 20250410063055.0 | ||
| 007 | t| | ||
| 008 | 041201s1999 sp ||||1| spa d | ||
| 020 | _a84-376-0350-1 | ||
| 080 | _a821.134.2-14"19" | ||
| 100 | 1 |
_aAltolaguirre Bolín, Manuel, _d1905-1959 _920553 |
|
| 245 | 1 | 0 |
_aPoesías completas / _cManuel Altolaguirre ; edición de Margarita Smerdou Altolaguirre y Milagros Arizmendi ; introducción de Milagros Arizmendi. |
| 250 | _a3ª ed. | ||
| 260 |
_aMadrid : _bCátedra, _c[1999] |
||
| 300 |
_a389 p. ; _c18 cm. |
||
| 490 | 1 |
_aLetras hispánicas ; _v59 |
|
| 504 | _aBibliografía. | ||
| 700 | 1 |
_aSmerdou Altolaguirre, Maya. _9142126 |
|
| 700 | 1 |
_aArizmendi, Milagros. _922881 |
|
| 830 | 0 | 0 |
_aLetras hispánicas ; _v59 _9235703 |
| 852 |
_aES-MaACL _jL-28555 _bR.134310 |
||
| 942 | _2udc | ||
| 999 |
_c82224 _d82224 |
||